Weird borders - Statistics

General Stats
  • This quiz has been taken 70 times
  • The average score is 13 of 16
Answer Stats
Hint Answer % Correct
Baarle-Hertog/Nassau In 1843 this town was split between two countries on an almost house-by-house basis, resulting in at least 20 enclaves Belgium
97%
Vennbahn A railway line that used to run through a country while being part of another country, now a bike path Belgium
97%
Baarle-Hertog/Nassau In 1843 this town was split between two countries on an almost house-by-house basis, resulting in at least 20 enclaves Netherlands
97%
Vennbahn A railway line that used to run through a country while being part of another country, now a bike path Germany
93%
Dhekelia A road belonging to a certain country separates two sides of an island (one of which is also an unrecognized state) United Kingdom
88%
Gornja Siga A strip of land next to the Danube, claimed by neither of the surrounding countries, where someone attempted to create a micronation Serbia
83%
Vélez de la Gomera This very small (0,02 km²) rock in another country's coast was the cause of at least one international incident Spain
83%
Gornja Siga A strip of land next to the Danube, claimed by neither of the surrounding countries, where someone attempted to create a micronation Croatia
80%
Vélez de la Gomera This very small (0,02 km²) rock in another country's coast was the cause of at least one international incident Morocco
78%
Hans Island The dispute over this island allegedly led to the "Whiskey war", where soldiers of either country would plant the flag and leave behind a bottle of booze. Canada
77%
Bir Tawil The same but in Africa Egypt
77%
Hans Island The dispute over this island allegedly led to the "Whiskey war", where soldiers of either country would plant the flag and leave behind a bottle of booze. Denmark
75%
Bir Tawil The same but in Africa Sudan
75%
Dhekelia A road belonging to a certain country separates two sides of an island (one of which is also an unrecognized state) Cyprus
70%
Nahwa The largest second-order international enclave, also the only one outside Baarle-Whatever Oman
45%
Nahwa The largest second-order international enclave, also the only one outside Baarle-Whatever United Arab Emirates
45%
No matching quizzes found
Score Distribution
Percent of People with Each Score
Percentile by Number Answered
Your Score History
You have not taken this quiz